000 01847cam a22004574i 4500
003 PE-LiUPU
005 20250731175641.0
008 150706s r 000 0 d
020 _a9781408221082
035 _a(Sirsi) i9781408221082
040 _aPE-LiUPU
_bspa
_cPE-LiUPU
_erda
049 _aPRUA
082 0 4 _a428.6461
_bPR4b
_221
100 1 _aLudlum, Robert,
_d1927-2001,
_eautor.
245 1 4 _aThe bourne identity /
_cRobert Ludlum contada por Andy Hopkins y Jocelyn Potter.
264 1 _aHarlow :
_bPearson Education,
_c2008.
300 _avii, 78 páginas :
_bilustraciones ;
_c20 cm.
300 _a01 CD-ROM
336 _atext
_2rdacontent
337 _aunmediated
_2rdamedia
338 _avolume
_2rdacarrier
490 0 _aPenguin Readers ;
_vLevel 4
505 0 _aThe man with no memory -- Names and addresses -- Trained to kill -- Following the money -- The man is cain -- Messages -- Treadstone seventy-one -- At home with the general -- Trouble at les classiques -- Friends or enemies? -- Rebirth -- Activities.
526 _aP145
526 _aP127
526 _aP97
526 _aP35
526 _aP14
526 _aP07
541 _g002-0046574;
650 1 4 _aInglés
_vLibros de Lectura.
700 1 _aKing, Chris,
_eil
700 1 _aHopkins, Andy
700 1 _aPotter, Jocelyn.
910 _agl
_cjck
_d20120514
942 _2ddc
_cBOOK
949 _a428.6461 PR4B
_wDEWEY
_c1
_i64657
_lCCODEBUL1
_mBUL
_p5.00
_r0
_sY
_tBOOK
_u2015-7-6
_xEDUCACION
_PP20
_o.STAFF. Colección General
994 _aC0
_bPEPRU
596 _a1
999 _a428.6461 PR4B
_wDEWEY
_c53361
_i64657
_d53361
_e2015-8-26
_f2021-11-8
_g5
_lCCODEBUL1
_mBUL
_n2
_p5.00
_r0
_sN
_tBOOK
_u2015-7-6
_xEDUCACION
_PP20
_0COMPRA
_o.STAFF. Colección General
980 _81
_gALBERTO SANCHEZ Responsable de Automatización